Els Ocells del Parc Natural de Sant Llorenç del Munt i Serra de l'Obac / text: Jordi Miralles ; fotos: Oriol Alemany Jordi Miralles ; fotos:
ISBN:
84-500-8375-3
Descripción Física:
23 p. : il. ; 22 cm
Otros Autores:
Alemany, Oriol
MARC
| LEADER | 00000nam a2200000Ia 4500 | ||
|---|---|---|---|
| 001 | 12581 | ||
| 008 | 160829s1982 xx 000 0 cat d | ||
| 020 | |a 84-500-8375-3 | ||
| 080 | |a FU-14-27 | ||
| 100 | |a Miralles i Ferrer, Jordi |9 26008 | ||
| 245 | |a Els Ocells del Parc Natural de Sant Llorenç del Munt i Serra de l'Obac / text: |b Jordi Miralles ; fotos: |b Oriol Alemany | ||
| 260 | |a Barcelona : |b Diputació de Barcelona, Servei de Parcs Naturals, |c 1982 | ||
| 300 | |a 23 p. : |b il. ; |c 22 cm | ||
| 650 | |a Ocells |x Parc Natural de Sant Llorenç del Munt i l'Obac |9 26397 | ||
| 700 | 1 | |a Alemany, Oriol |9 26398 | |
| 710 | |a Barcelona (Catalunya : Província). |b Servei de Parcs Naturals |9 53492 | ||
| 856 | |u #M:\BibliotecaDigitalitzada\R012\R12581.pdf | ||
| 901 | |a Arxiu | ||
| 942 | |n 1 | ||
| 952 | |0 0 |1 0 |4 0 |6 FU1427 |7 1 |9 43976 |a Arxiu |b Arxiu |d 2016-12-01 |l 0 |o FU-14-27 |p 12581 |r 2016-12-01 00:00:00 |w 2016-12-01 |y ARXIU | ||
| 999 | |c 46556 |d 46556 | ||